Administración : una perspectiva global

Salvato in:
Dettagli Bibliografici
Autore principale: Koontz, Harold
Natura: Libro
Lingua:spagnolo
Pubblicazione: Mc Graw Hill. c1998.
Edizione:11ª ed.
Soggetti:
Tags: Aggiungi Tag
Nessun Tag, puoi essere il primo ad aggiungerne!!

MARC

LEADER 00000nam a22000005a 4500
001 10077
003 CL-ChBUA
005 20120815103229.0
008 070301s1998 mx 000 0 spa
040 |a CL-ChBUA  |c CL-ChBUA 
082 0 0 |a 658 
090 |c 10077  |d 10077 
100 1 |a Koontz, Harold. 
245 1 0 |a Administración :  |b una perspectiva global 
250 |a 11ª ed. 
260 |b Mc Graw Hill.  |c c1998. 
300 |a xxviii, 796 p.  |c 23 cm. 
504 |a Glosario, índice. 
650 4 |a ADMINISTRACION. 
942 |c LIB 
952 |0 0  |1 0  |4 0  |7 0  |9 14761  |a UNACH  |b UNACH  |c 600  |d 2007-03-05  |i 32.283.  |l 16  |m 4  |o 658 / K 83 1998.  |p 15760  |r 2026-03-26 15:34:37  |s 2026-03-19  |u 14761  |w 2012-08-08  |y LIB  |k 658 / K 83 1998. 
999 |c 10077  |d 10077